000 00547nam a2200193 i 4500
001 63341
003 ES-MaACL
005 20250804062532.0
007 t|
008 031209s1969 sp ||||1| spa d
100 1 _aFerrater Mora, José.
_950338
245 1 3 _aLa filosofía actual /
_cJosé Ferrater Mora.
260 _aMadrid :
_bAlianza,
_c[1969]
300 _a188 p. ;
_c18 cm.
490 1 _aEl libro de bolsillo ;
_v168
830 0 3 _aEl libro de bolsillo
_v168
_9177802
852 _aES-MaACL
_jC-35871
_bR.69259
999 _c63341
_d63341